00935pam a2200265 a 45000010008000000030005000080050017000130080041000300100017000710200024000880400018001120500021001300820018001511000024001692450056001932600035002493000032002844400040003165000039003565040051003956500018004467000041004648560088005058560076005933470069NUST20180118110450.0930820s1993 nyua b 001 0 eng  a 93032996  a0486678709 :c$7.95 aDLCcDLCdDLC00aQA166b.T74 199300a511.5 TRU2201 aTrudeau, Richard J.10aIntroduction to graph theory /cRichard J. Trudeau. aNew York :bDover Pub.,c1993. ax, 209 p. :bill. ;c22 cm. 0aDover books on advanced mathematics aRev. ed. of: Dots and lines. 1976. aIncludes bibliographical references and index. 0aGraph theory.1 aTrudeau, Richard J.tDots and lines.423Publisher descriptionuhttp://www.loc.gov/catdir/description/dover031/93032996.html413Table of contentsuhttp://www.loc.gov/catdir/toc/dover031/93032996.html